Statistics for Provinces of the Philippines with map

Click here to take the quiz!

General Stats

  • This quiz has been taken 109 times
  • The average score is 58 of 82

Answers on the Map

Answers color-coded by a green-red scale on the quiz's map according to % correct below.
 

Answer Stats

RegionAnswer% Correct
IlocosIlocos Sur
91%
Cagayan ValleyBatanes
88%
CALABARZONCavite
88%
IlocosIlocos Norte
88%
MIMAROPAPalawan
88%
Cagayan ValleyCagayan
85%
CALABARZONQuezon
85%
Central VisayasCebu
82%
Cagayan ValleyIsabela
82%
CALABARZONLaguna
82%
IlocosLa Union
82%
IlocosPangasinan
82%
Central LuzonAurora
79%
CALABARZONBatangas
79%
Central VisayasBohol
79%
Central LuzonPampanga
79%
CALABARZONRizal
79%
Eastern VisayasSamar
79%
CordilleraBenguet
76%
DavaoDavao Occidental
76%
DavaoDavao Oriental
76%
Eastern VisayasLeyte
76%
MIMAROPAMarinduque
76%
CordilleraMountain Province
76%
Western VisayasNegros Occidental
76%
Central VisayasNegros Oriental
76%
Central LuzonNueva Ecija
76%
MIMAROPARomblon
76%
Western VisayasAklan
73%
BicolAlbay
73%
CordilleraApayao
73%
Central LuzonBulacan
73%
BicolCamarines Norte
73%
BicolCamarines Sur
73%
BicolCatanduanes
73%
DavaoDavao del Norte
73%
DavaoDavao del Sur
73%
SOCCSKSARGENSarangani
73%
BicolSorsogon
73%
Zamboanga PeninsulaZamboanga del Sur
73%
Western VisayasAntique
70%
Central LuzonBataan
70%
Northern MindanaoCamiguin
70%
Western VisayasIloilo
70%
CordilleraKalinga
70%
BicolMasbate
70%
MIMAROPAOccidental Mindoro
70%
MIMAROPAOriental Mindoro
70%
CordilleraAbra
67%
BangsamoroBasilan
67%
Eastern VisayasBiliran
67%
Western VisayasCapiz
67%
Eastern VisayasEastern Samar
67%
Central LuzonTarlac
67%
BangsamoroTawi-Tawi
67%
Zamboanga PeninsulaZamboanga del Norte
67%
Zamboanga PeninsulaZamboanga Sibugay
67%
CaragaAgusan del Norte
64%
CaragaAgusan del Sur
64%
SOCCSKSARGENCotabato
64%
Western VisayasGuimaras
64%
Northern MindanaoLanao del Norte
64%
BangsamoroLanao del Sur
64%
Northern MindanaoMisamis Occidental
64%
Northern MindanaoMisamis Oriental
64%
Eastern VisayasNorthern Samar
64%
Cagayan ValleyNueva Vizcaya
64%
Cagayan ValleyQuirino
64%
Central VisayasSiquijor
64%
BangsamoroSulu
64%
Central LuzonZambales
64%
Northern MindanaoBukidnon
61%
SOCCSKSARGENSouth Cotabato
61%
SOCCSKSARGENSultan Kudarat
61%
CaragaDinagat Islands
58%
CordilleraIfugao
58%
Eastern VisayasSouthern Leyte
58%
DavaoDavao de Oro
55%
CaragaSurigao del Norte
55%
CaragaSurigao del Sur
55%
BangsamoroMaguindanao del Norte
48%
BangsamoroMaguindanao del Sur
48%

Score Distribution

Percentile by Number Answered

Percent of People with Each Score

Your Score History

You have not taken this quiz